[Event "Belgrade Serbia op"]
[Site "Belgrade"]
[Date "2023.07.23"]
[Round "8"]
[White "Vujovic, Vera"]
[Black "Mishin, Matvey"]
[Result "1-0"]
[WhiteElo "2054"]
[BlackElo "1559"]
[PlyCount "120"]
[EventDate "2023.07.16"]
[EventType "swiss"]
[EventRounds "9"]
[EventCountry "SRB"]
[SourceTitle "EXT 2024"]
[Source "ChessBase"]
[SourceDate "2023.10.10"]
[SourceVersion "1"]
[SourceVersionDate "2023.10.10"]
[SourceQuality "1"]

1. e4 e5 2. Nf3 Nc6 3. Bb5 Nf6 4. 0-0 a6 5. Bxc6 dxc6 6. Nxe5 Bc5 7. d3 0-0 8. Be3 Bxe3 9. fxe3 Qe7 10. Nf3 Qc5 11. Qe2 Qb6 12. c4 Ng4 13. Re1 f5 14. exf5 Re8 15. Qd2 Rxe3 16. d4 Rxe1+ 17. Nxe1 Bxf5 18. c5 Qa7 19. Qf4 Nh6 20. Qxc7 Qb8 21. Qxb8+ Rxb8 22. Nc3 Rd8 23. Nf3 Bg4 24. Rd1 Nf5 25. Ne2 Bxf3 26. gxf3 g5 27. Kf2 Kf7 28. h3 Rd5 29. f4 gxf4 30. Kf3 Ne3 31. Rd3 Rf5 32. Ke4 f3 33. Rxe3 f2 34. Ng3 f1Q 35. Nxf1 Rxf1 36. Rb3 Re1+ 37. Kf3 Re7 38. Rd3 Rd7 39. b4 Ke6 40. Ke4 Rd5 41. Rg3 Rh5 42. Re3 Rh4+ 43. Kd3+ Kd7 44. Kc4 Kd8 45. a4 Kd7 46. Rd3 Ke6 47. Re3+ Kd7 48. Rg3 Kc8 49. Rd3 Rh5 50. b5 axb5+ 51. axb5 Rh4 52. b6 Kd7 53. Rg3 Ke8 54. Rg8+ Kd7 55. Rb8 Rxh3 56. Rxb7+ Kd8 57. Rg7 Kc8 58. Rc7+ Kb8 59. Rxc6 h5 60. Rh6 Rh1 1-0

[Event "Belgrade Serbia op"]
[Site "Belgrade"]
[Date "2023.07.19"]
[Round "4"]
[White "Mishin, Matvey"]
[Black "Garabetyan, Arno"]
[Result "1/2-1/2"]
[WhiteElo "1559"]
[BlackElo "2035"]
[PlyCount "37"]
[EventDate "2023.07.16"]
[EventType "swiss"]
[EventRounds "9"]
[EventCountry "SRB"]
[SourceTitle "CBM 215 Extra"]
[Source "ChessBase"]
[SourceDate "2023.09.30"]
[SourceVersion "1"]
[SourceVersionDate "2023.09.30"]
[SourceQuality "1"]

1. e4 c5 2. Nf3 e6 3. d4 cxd4 4. Nxd4 Nc6 5. Nc3 Qc7 6. Be3 a6 7. a3 Nf6 8. Bd3 Nxd4 9. Bxd4 Bc5 10. Bxc5 Qxc5 11. Qe2 d6 12. 0-0 b5 13. Kh1 e5 14. f4 exf4 15. Nd5 Ng4 16. b4 Qc7 17. a4 bxa4 18. b5 0-0 19. Rxa4 1/2-1/2

[Event "EU-ch U12"]
[Site "Bratislava"]
[Date "2019.08.08"]
[Round "7"]
[White "Koska, Jiri"]
[Black "Mishin, Matvey"]
[Result "0-1"]
[WhiteElo "1587"]
[BlackElo "1308"]
[PlyCount "135"]
[EventDate "2019.08.02"]
[EventType "swiss"]
[EventRounds "9"]
[EventCountry "SVK"]
[SourceTitle "EXT 2020"]
[Source "ChessBase"]
[SourceDate "2019.10.17"]
[SourceVersion "1"]
[SourceVersionDate "2019.10.17"]
[SourceQuality "1"]

1. e4 e5 2. Nf3 Nc6 3. Bc4 Bc5 4. c3 Nf6 5. d3 d6 6. h3 a6 7. Bb3 Ba7 8. Nbd2 0-0 9. Nf1 h6 10. g4 d5 11. g5 hxg5 12. Nxg5 dxe4 13. Nxe4 Nxe4 14. dxe4 Qxd1+ 15. Bxd1 Be6 16. Be3 Bxe3 17. Nxe3 g6 18. Bc2 Kg7 19. 0-0-0 Rfd8 20. Nd5 Rd7 21. c4 Bxd5 22. cxd5 Nd4 23. h4 Rh8 24. Rd3 Nxc2 25. Kxc2 Rd6 26. Rc3 c6 27. dxc6 Rxc6 28. Rxc6 bxc6 29. Kd3 Rh5 30. Ke3 g5 31. Kf3 Rxh4 32. Rxh4 gxh4 33. Kg4 Kg6 34. Kxh4 f5 35. f3 fxe4 36. fxe4 c5 37. b3 a5 38. Kg4 Kf6 39. Kh5 a4 40. Kh6 a3 41. Kh5 Kf7 42. Kg5 Ke7 43. Kf5 Kd6 44. Kf6 c4 45. bxc4 Kc5 46. Kxe5 Kxc4 47. Kf4 Kc3 48. e5 Kb2 49. e6 Kxa2 50. e7 Kb2 51. e8Q a2 52. Qe2+ Kb1 53. Qd3+ Kb2 54. Qd2+ Kb1 55. Qb4+ Ka1 56. Qa3 Kb1 57. Qd3+ Kb2 58. Qb5+ Ka1 59. Qa4 Kb2 60. Qb4+ Ka1 61. Qa3 Kb1 62. Ke3 a1Q 63. Qd3+ Ka2 64. Qc4+ Kb1 65. Qd3+ Ka2 66. Qc4+ Kb1 67. Kd2 Qa2+ 68. Kd1 0-1

[Event "EU-ch U12"]
[Site "Bratislava"]
[Date "2019.08.02"]
[Round "1"]
[White "Hagner, Bennet"]
[Black "Mishin, Matvey"]
[Result "1-0"]
[WhiteElo "1847"]
[BlackElo "1308"]
[PlyCount "99"]
[EventDate "2019.08.02"]
[EventType "swiss"]
[EventRounds "9"]
[EventCountry "SVK"]
[SourceTitle "EXT 2020"]
[Source "ChessBase"]
[SourceDate "2019.10.17"]
[SourceVersion "1"]
[SourceVersionDate "2019.10.17"]
[SourceQuality "1"]

1. e4 e5 2. Nf3 Nc6 3. Bb5 a6 4. Ba4 Nf6 5. 0-0 b5 6. Bb3 Be7 7. Re1 0-0 8. c3 d5 9. exd5 Nxd5 10. Nxe5 Nxe5 11. Rxe5 c6 12. d3 Bd6 13. Re1 Qh4 14. g3 Qd8 15. Nd2 Kh8 16. Ne4 Bc7 17. Qh5 Nf6 18. Nxf6 Qxf6 19. Qg5 Qxg5 20. Bxg5 f6 21. Be3 Bf5 22. Bc5 Rfe8 23. d4 Bg6 24. Be6 Rad8 25. Re3 f5 26. f4 Bd6 27. Bxd6 Rxd6 28. Rae1 a5 29. Bxf5 Red8 30. Bxg6 hxg6 31. Re8+ Rxe8 32. Rxe8+ Kh7 33. Kf2 c5 34. dxc5 Rd2+ 35. Re2 Rd5 36. c6 Rc5 37. Re5 Rxc6 38. Rxb5 Rd6 39. Ke2 Re6+ 40. Re5 Rb6 41. b3 Rc6 42. c4 a4 43. Kd3 axb3 44. axb3 Rd6+ 45. Rd5 Rb6 46. Kc3 Re6 47. c5 Re2 48. c6 Rxh2 49. c7 Rh1 50. Rc5 1-0